=LDR 00000nam 2200000 4500 =001 INLIS000000000030530 =005 20220203111731 =035 ##$$a 0010-061300000030530 =008 220203################g##########0#ind## =041 ##$$a Ind =082 ##$$a 338.52 =090 ##$$a 338.52, Jaj t =100 ##$$a Jojodipuro, Marsudi =245 1#$$a Teori harga /$c Marsudi Djojodipuro =260 ##$$a Jakarta :$b Lembaga Penerbit Fakultas Ekonomi Universitas Indoensia,$c 1991 =300 ##$$a ix, 194 hlm. : $b ilus ; $c 21 x 14 cm. =650 #4$$a Harga =850 ##$$a NBPNMAT =020 ##$$a 979-8140-15-X =084 ##$$a 338.52 JOJ t =990 ##$$a 00055819 =990 ##$$a 0001/BPAP-NTB/20142014 =990 ##$$a 00055819 =990 ##$$a 0001/BPAP-NTB/20142014 =990 ##$$a 00089167 =990 ##$$a 00055819